Tắt đèn Tác phẩm văn học dùng trong nhà trường
v.v
Đã lưu trong:
| Tác giả chính: | |
|---|---|
| Định dạng: | Sách |
| Năm xuất bản: |
H.
Văn học
2010
|
| Chủ đề: | |
| Tags: |
Thêm thẻ
Không có thẻ, Hãy là người đầu tiên gắn thẻ bản ghi này!
|
| LEADER | 00665nam a2200181 4500 | ||
|---|---|---|---|
| 082 | |a 895.922332 |b NG450T | ||
| 100 | |a Ngô Tất Tố | ||
| 245 | |a Tắt đèn |c Ngô Tất Tố |b Tác phẩm văn học dùng trong nhà trường | ||
| 260 | |a H. |b Văn học |c 2010 | ||
| 300 | |a 143 tr. |c 21 cm | ||
| 520 | |a v.v | ||
| 653 | |a Văn học hiện đại | ||
| 653 | |a Thế kỷ 20 | ||
| 653 | |a Việt Nam | ||
| 653 | |a Tiểu thuyết | ||
| 942 | |2 ddc |c SH | ||
| 999 | |c 5540 |d 5540 | ||
| 952 | |0 0 |1 0 |2 ddc |4 0 |6 895_922332000000000_NG450T |7 0 |8 800 |9 51614 |a qbu |b qbu |c D5 |d 2014-12-26 |g 22000 |l 1 |o 895.922332 NG450T |p 3396.C1 |r 2021-06-15 |s 2021-06-15 |w 2014-12-26 |y SH |0 0 |6 895_922332000000000_NG450T | ||